[Event "Høstturnering 1999"]
[Site "Ås, Akershus NOR"]
[Date "1999.09.28"]
[Round "4"]
[White "Furnes, Torstein"]
[Black "Lystad, Frank"]
[Result "1-0"]
[WhiteElo "1488"]
[BlackElo "1477"]
[PlyCount "75"]
[EventDate "1999.09.07"]

1. d4 d5 2. c4 e6 3. Nc3 Nf6 4. Bg5 Be7 5. e3 Nbd7 6. Nf3 O-O 7. Bd3 b6 8. O-O
Bb7 9. Re1 dxc4 10. Bxc4 Ne4 11. Bxe7 Qxe7 12. Bd3 Nxc3 13. bxc3 Bxf3 14. Qxf3
c5 15. e4 Qf6 16. Qe3 cxd4 17. cxd4 Rac8 18. Rac1 Rfd8 19. Ba6 Rxc1 20. Rxc1
Nb8 21. e5 Qe7 22. Bd3 g6 23. Be4 Qd7 24. Rd1 Qa4 25. Rd2 Qc4 26. f4 Qc1+ 27.
Kf2 Nc6 28. Bxc6 Qxc6 29. g4 Rc8 30. h4 Qc1 31. Qd3 Rc3 32. Qe2 Rh3 33. Qd1
Rh2+ 34. Ke3 Qc3+ 35. Rd3 Rh3+ 36. Ke2 Qc4 37. Qb3 Rxd3 38. Qxc4 1-0

[Event "Høstturnering 1999"]
[Site "Holstad, Ås, Akershus NOR"]
[Date "1999.10.05"]
[Round "5"]
[White "Moberg, Reidar"]
[Black "Lea, Per"]
[Result "1/2-1/2"]
[WhiteElo "1622"]
[BlackElo "1697"]
[PlyCount "99"]
[EventDate "1999.09.07"]

1. e4 e5 2. Nf3 Nc6 3. Bb5 a6 4. Ba4 Nf6 5. d4 exd4 6. e5 Ne4 7. O-O Be7 8.
Nxd4 O-O 9. Nf5 d5 10. exd6 Bxf5 11. dxe7 Nxe7 12. Be3 Nd5 13. Bd4 c5 14. c4
cxd4 15. cxd5 Qxd5 16. Nc3 Nxc3 17. bxc3 Rad8 18. Bb3 Qc5 19. cxd4 Rxd4 20. Qf3
Be4 21. Qe3 Rfd8 22. Rad1 Qd6 23. f3 Bc6 24. Rfe1 Rxd1 25. Rxd1 Qc7 26. Rxd8+
Qxd8 27. Qc3 Qb6+ 28. Kh1 Qb5 29. h3 Kf8 30. Qd4 Bd7 31. Qd6+ Ke8 32. Qc7 Qc6
33. Qb8+ Ke7 34. Qe5+ Kf8 35. Qf4 Be6 36. Bxe6 Qxe6 37. Qb8+ Ke7 38. Qxb7+ Ke8
39. Qb8+ Ke7 40. Qc7+ Kf6 41. Qf4+ Ke7 42. Qh4+ Kf8 43. Qd8+ Qe8 44. Qd6+ Qe7
45. Qxa6 Qe1+ 46. Kh2 Qe5+ 47. Kg1 Qe3+ 48. Kf1 Qc1+ 49. Ke2 Qc2+ 50. Kf1
1/2-1/2

[Event "Høstturnering 1999"]
[Site "Ås, Akershus NOR"]
[Date "1999.10.05"]
[Round "5"]
[White "Moberg, Jan Rune"]
[Black "Furnes, Torstein"]
[Result "1-0"]
[WhiteElo "1455"]
[BlackElo "1488"]
[PlyCount "81"]
[EventDate "1999.09.07"]

1. e4 c5 2. Nc3 Nc6 3. d3 d6 4. g3 Nf6 5. Bg2 g6 6. Nf3 Bg7 7. O-O O-O 8. Ne2
Bg4 9. h3 Bd7 10. c3 Rc8 11. a4 e6 12. Bg5 Qb6 13. Nd2 h6 14. Nc4 Qc7 15. Be3
b6 16. Qd2 h5 17. Rfc1 d5 18. exd5 exd5 19. Bf4 Qd8 20. Nd6 Ra8 21. Nb5 Be6 22.
d4 c4 23. Re1 Qd7 24. Kh2 Ne8 25. Ng1 a6 26. Na3 Na5 27. Qe3 Qxa4 28. Re2 Qd7
29. Nf3 Nd6 30. Ne5 Bxe5 31. Bxe5 Nf5 32. Qg5 Nc6 33. Bf6 Kh7 34. g4 Ng7 35.
gxh5 Nxh5 36. Nxc4 dxc4 37. Be4 Nxf6 38. Qxf6 Bd5 39. Rg1 Bxe4 40. Rxe4 Qf5 41.
Rh4+ 1-0

[Event "Høstturnering 1999"]
[Site "Holstad, Ås, Akershus NOR"]
[Date "1999.10.12"]
[Round "6"]
[White "Lea, Per"]
[Black "Johansen, Trond-Arne"]
[Result "1-0"]
[WhiteElo "1697"]
[BlackElo "1773"]
[PlyCount "77"]
[EventDate "1999.09.07"]

1. e4 c6 2. d4 d5 3. Nc3 dxe4 4. Nxe4 Nd7 5. Bc4 Ngf6 6. Nxf6+ Nxf6 7. Nf3 Bg4
8. Bxf7+ Kxf7 9. Ne5+ Kg8 10. Nxg4 Qd5 11. O-O Nxg4 12. Qxg4 e5 13. dxe5 Qxe5
14. Qc4+ Qd5 15. Qxd5+ cxd5 16. Be3 b6 17. Rad1 Kf7 18. Rxd5 Be7 19. Rd7 Rhd8
20. Rxe7+ Kxe7 21. Bg5+ Kf7 22. Bxd8 Rxd8 23. g3 Rd2 24. Rc1 Kf6 25. Kf1 g5 26.
Ke1 Rd7 27. c4 a5 28. b4 Ra7 29. a3 axb4 30. axb4 Ra4 31. c5 bxc5 32. bxc5 Ra7
33. c6 Rc7 34. Ke2 Ke6 35. Ke3 h6 36. h3 h5 37. f4 g4 38. hxg4 hxg4 39. Ke4 1-0

[Event "Høstturnering 1999"]
[Site "Holstad, Ås, Akershus NOR"]
[Date "1999.10.19"]
[Round "7"]
[White "Lea, Per"]
[Black "Sørgjerd, Jan"]
[Result "0-1"]
[WhiteElo "1697"]
[BlackElo "1999"]
[PlyCount "60"]
[EventDate "1999.09.07"]

1. e4 c5 2. Nf3 d6 3. d4 cxd4 4. Nxd4 Nf6 5. Nc3 a6 6. Bg5 e6 7. f4 Nbd7 8. Qf3
Qc7 9. O-O-O b5 10. Bd3 Bb7 11. Rhe1 Be7 12. Nd5 Nxd5 13. exd5 Nf6 14. Bxf6
Bxf6 15. Nxe6 fxe6 16. Rxe6+ Kd8 17. Rde1 Bc8 18. R6e2 Qa5 19. Qe3 Bg4 20. Rd2
Bd7 21. Kb1 Kc7 22. Qf2 Qb6 23. Qf3 Rae8 24. Red1 h5 25. h3 Re3 26. Qf2 h4 27.
c4 bxc4 28. Bxc4 Rb8 29. Rc1 Kd8 30. Rdc2 Bf5 0-1

[Event "Høstturnering 1999"]
[Site "Ås, Akershus NOR"]
[Date "1999.10.26"]
[Round "8"]
[White "Furnes, Torstein"]
[Black "Simonsen, Steinar"]
[Result "0-1"]
[WhiteElo "1488"]
[BlackElo "1545"]
[PlyCount "106"]
[EventDate "1999.09.07"]

1. d4 d5 2. c4 e6 3. Nc3 Nf6 4. Bg5 Be7 5. e3 O-O 6. Nf3 b6 7. cxd5 Nxd5 8.
Bxe7 Nxe7 9. Bd3 Nd7 10. O-O Bb7 11. Rc1 Ng6 12. Nb5 c5 13. e4 Nf6 14. e5 Nd7
15. Bxg6 fxg6 16. Nd6 Bxf3 17. gxf3 Qg5+ 18. Kh1 cxd4 19. Rc7 Nxe5 20. Qxd4 Qf4
21. Qxf4 Rxf4 22. Re1 Rd8 23. Nb7 Nxf3 24. Nxd8 Nxe1 25. Nxe6 Rf6 26. Rxg7+ Kh8
27. Re7 h6 28. Nd8 Nd3 29. Nf7+ Kg7 30. Nd6+ Kg8 31. Re8+ Rf8 32. Rxf8+ Kxf8
33. Nb5 a6 34. Nc7 a5 35. Nd5 b5 36. Kg2 Nxb2 37. Kf3 b4 38. Ke4 Kf7 39. f4 Nd1
40. h4 Ke6 41. Nc7+ Kd6 42. Nd5 Nf2+ 43. Kd4 Nd3 44. Kc4 Nc1 45. Nf6 Nxa2 46.
Ng4 h5 47. Ne5 a4 48. Nxg6 b3 49. Kd3 Nc1+ 50. Kd2 b2 51. Kc2 a3 52. f5 Nb3 53.
Nf4 a2 0-1

[Event "Høstturnering 1999"]
[Site "Holstad, Ås, Akershus NOR"]
[Date "1999.10.26"]
[Round "8"]
[White "Andersen, Odd"]
[Black "Lea, Per"]
[Result "1-0"]
[WhiteElo "1698"]
[BlackElo "1697"]
[PlyCount "127"]
[EventDate "1999.09.07"]

1. d4 d5 2. c4 e6 3. Nc3 Nf6 4. e3 c6 5. cxd5 exd5 6. Bd3 g6 7. f4 Bg7 8. Nf3
O-O 9. O-O Re8 10. Ne5 Nbd7 11. h3 Nxe5 12. fxe5 Nd7 13. Bd2 f6 14. exf6 Nxf6
15. Ne2 Ne4 16. Bxe4 Rxe4 17. Rf4 Qg5 18. Rxe4 dxe4 19. Nf4 Qe7 20. Qb3+ Qf7
21. Qc2 g5 22. Ne2 Bf5 23. Rf1 Qe6 24. Qc5 Rf8 25. g4 Bg6 26. Rxf8+ Bxf8 27.
Qxa7 Qf7 28. Qb8 Qxa2 29. Qxb7 Qb1+ 30. Nc1 Qc2 31. Qb3+ Qxb3 32. Nxb3 Kf7 33.
Na5 c5 34. Nc4 Ke6 35. Bc3 Kd5 36. Nd2 Bd6 37. Kf2 Be8 38. dxc5 Bxc5 39. Bf6
Bb4 40. Nf1 h6 41. Bg7 Ke6 42. Ng3 Kf7 43. Bc3 Bxc3 44. bxc3 Bc6 45. Nf5 Kf6
46. Nxh6 Bd7 47. Kg3 Be6 48. Nf5 Ke5 49. Nd4 Bd7 50. Kf2 Kd5 51. Ke1 Kc4 52.
Kd2 Bc8 53. Ne2 Bd7 54. Ng3 Bc6 55. Nf5 Bd7 56. Nd6+ Kd5 57. Nf7 Bb5 58. Nxg5
Bd7 59. Ke2 Bc6 60. Kf2 Kc4 61. Kg3 Kxc3 62. Kf4 Kd3 63. h4 Bd7 64. Nxe4 1-0

[Event "Høstturnering 1999"]
[Site "Holstad, Ås, Akershus NOR"]
[Date "1999.11.02"]
[Round "9"]
[White "Lea, Per"]
[Black "Pettersen, Erling"]
[Result "1-0"]
[WhiteElo "1697"]
[BlackElo "1326"]
[PlyCount "31"]
[EventDate "1999.09.07"]

1. e4 c6 2. d4 d5 3. Nc3 Nf6 4. e5 Nfd7 5. Bd3 e6 6. f4 Bb4 7. Nf3 O-O 8. Bxh7+
Kh8 9. h4 Be7 10. Ng5 g6 11. h5 Bxg5 12. fxg5 Kg7 13. hxg6 fxg6 14. Rh6 Rf5 15.
Rxg6+ Kf7 16. Qh5 1-0

[Event "Høstturnering 1999"]
[Site "Holstad, Ås, Akershus NOR"]
[Date "1999.11.09"]
[Round "10"]
[White "Moberg, Jan Rune"]
[Black "Lea, Per"]
[Result "1-0"]
[WhiteElo "1455"]
[BlackElo "1697"]
[PlyCount "81"]
[EventDate "1999.09.07"]

1. Nf3 Nf6 2. d4 d5 3. Bg5 e6 4. e3 Be7 5. Bd3 Nbd7 6. Nbd2 c5 7. c3 a6 8. a4
b6 9. O-O Bb7 10. Rc1 Ne4 11. Bf4 f5 12. Qe2 c4 13. Bb1 O-O 14. b4 b5 15. a5
Nxc3 16. Rxc3 Bxb4 17. Rc2 Bxa5 18. Ne5 Nxe5 19. Bxe5 Bxd2 20. Qxd2 a5 21. Qe2
b4 22. g4 c3 23. Rfc1 Ba6 24. Qd1 Bc4 25. Qe1 fxg4 26. f4 gxf3 27. Qg3 Qd7 28.
Rf2 Be2 29. Kh1 Rac8 30. Rg1 Rf7 31. Bc2 a4 32. Qh3 b3 33. Qxh7+ Kf8 34. Qh8+
Ke7 35. Qh4+ Ke8 36. Qh8+ Rf8 37. Bg6+ Qf7 38. Bxf7+ Kxf7 39. Rxg7+ Ke8 40.
Qh5+ Kd8 41. Qg5+ 1-0

[Event "Høstturnering 1999"]
[Site "Ås, Akershus NOR"]
[Date "1999.11.09"]
[Round "10"]
[White "Furnes, Torstein"]
[Black "Høyer, Tor"]
[Result "1/2-1/2"]
[WhiteElo "1425"]
[BlackElo "1274"]
[PlyCount "55"]
[EventDate "1999.09.07"]

1. d4 d5 2. c4 e6 3. Nc3 Nf6 4. Bg5 Be7 5. Nf3 c6 6. e3 Nbd7 7. Bd3 dxc4 8.
Bxc4 b5 9. Bd3 Bb7 10. O-O O-O 11. Qc2 h6 12. Bf4 a6 13. Rac1 Rc8 14. e4 c5 15.
dxc5 Bxc5 16. Qe2 Re8 17. Rfd1 Qe7 18. a3 e5 19. Be3 Bxe3 20. Qxe3 Nc5 21. b4
Nxd3 22. Qxd3 Red8 23. Qe3 Rxd1+ 24. Rxd1 Ba8 25. Nd5 Bxd5 26. exd5 Rd8 27.
Qxe5 Qxe5 28. Nxe5 1/2-1/2

[Event "Høstturnering 1999"]
[Site "Ås, Akershus NOR"]
[Date "1999.11.16"]
[Round "11"]
[White "Johansen, Trond Arne"]
[Black "Furnes, Torstein"]
[Result "1/2-1/2"]
[WhiteElo "1773"]
[BlackElo "1425"]
[PlyCount "98"]
[EventDate "1999.09.07"]

1. d4 d5 2. Nf3 Nf6 3. e3 Bg4 4. c4 e6 5. Be2 dxc4 6. Qa4+ Nbd7 7. Nc3 Be7 8.
O-O O-O 9. Qxc4 Nb6 10. Qb3 c5 11. Rd1 Qc8 12. dxc5 Qxc5 13. Qb5 Rac8 14. Qxc5
Rxc5 15. e4 Nc4 16. Nd4 Rd8 17. f3 Bh5 18. Na4 Rcc8 19. Nc3 Bc5 20. Bxc4 Rxd4
21. Be3 Rxc4 22. Bxc5 R4xc5 23. Rd2 h6 24. Rad1 b5 25. g4 Bg6 26. h4 h5 27.
Rd8+ Rxd8 28. Rxd8+ Kh7 29. g5 Ng8 30. Rb8 f5 31. gxf6 Nxf6 32. Rxb5 Rxb5 33.
Nxb5 a5 34. Nd4 Bf7 35. b3 Nd7 36. Nc6 a4 37. bxa4 e5 38. a3 Kg6 39. a5 Bc4 40.
Kf2 Kf6 41. Nb4 Nc5 42. Ke3 Ke6 43. f4 exf4+ 44. Kxf4 Nd3+ 45. Kg5 Nxb4 46.
axb4 Be2 47. Kg6 Ke5 48. Kxg7 Kxe4 49. Kg6 Kd5 1/2-1/2

[Event "Klubbmesterskap 1999"]
[Site "Holstad, Ås, Akershus NOR"]
[Date "1999.01.19"]
[Round "1"]
[White "Lea, Per"]
[Black "Rangøy, Helge"]
[Result "0-1"]
[WhiteElo "1689"]
[BlackElo "1637"]
[PlyCount "142"]
[EventDate "1998.09.15"]

1. e4 e5 2. Nf3 Nc6 3. Bb5 a6 4. Ba4 b5 5. Bb3 Nf6 6. O-O Be7 7. Re1 O-O 8. c3
d6 9. h3 Na5 10. Bc2 c5 11. d4 Qc7 12. Nbd2 h6 13. Nf1 Nh7 14. Ne3 Be6 15. d5
Bd7 16. a4 c4 17. axb5 axb5 18. Bd2 Nf6 19. Nf1 Nb7 20. b4 cxb3 21. Bxb3 Nc5
22. Bc2 Rxa1 23. Qxa1 Na4 24. Qa3 Rc8 25. Bxa4 bxa4 26. Nxe5 Bb5 27. Nf3 Bxf1
28. Rxf1 Nxe4 29. Qxa4 Nxc3 30. Bxc3 Qxc3 31. Qd7 Qc7 32. Qxc7 Rxc7 33. Nd4 Rc5
34. Nc6 Bf8 35. Re1 g6 36. Rd1 f5 37. Kf1 Kf7 38. Ke2 Kf6 39. Ke3 g5 40. Kd4 f4
41. Rd2 Bg7 42. Ke4 Kg6 43. Ne7+ Kf6 44. Nf5 Bf8 45. Rb2 Ra5 46. Rc2 Ra4+ 47.
Nd4 Bg7 48. Rd2 Kg6 49. g3 Be5 50. g4 h5 51. f3 Ra1 52. Nc6 Re1+ 53. Kd3 hxg4
54. hxg4 Kf6 55. Nxe5 Rxe5 56. Kd4 Re3 57. Rf2 Ra3 58. Kc4 Ke5 59. Re2+ Re3 60.
Rxe3+ fxe3 61. Kd3 Kxd5 62. Kxe3 Ke5 63. Kd3 Kf4 64. Ke2 d5 65. Kf2 d4 66. Ke2
d3+ 67. Kxd3 Kxf3 68. Kd2 Kxg4 69. Ke2 Kg3 70. Kf1 Kh2 71. Kf2 g4 0-1

[Event "Klubbmesterskap 1999"]
[Site "Ås, Akershus NOR"]
[Date "1999.01.19"]
[Round "1"]
[White "Furnes, Torstein"]
[Black "Simonsen, Steinar"]
[Result "0-1"]
[WhiteElo "1492"]
[BlackElo "1553"]
[PlyCount "88"]
[EventDate "1999.01.19"]

1. d4 d5 2. c4 dxc4 3. e4 e5 4. d5 c6 5. Bxc4 Bb4+ 6. Bd2 Bxd2+ 7. Nxd2 Nf6 8.
dxc6 Nxc6 9. Ngf3 O-O 10. O-O Bg4 11. Qc2 Rc8 12. Qd3 Qe7 13. h3 Bh5 14. a3
Rfd8 15. Qe3 Bxf3 16. Nxf3 Nd4 17. Nxd4 exd4 18. Qb3 Qc7 19. Bd3 Qe7 20. f3 Nh5
21. Qd1 Nf4 22. Qd2 Qg5 23. Kh2 Qh6 24. Rac1 Nxd3 25. Rxc8 Rxc8 26. Qxd3 Qf4+
27. Kg1 Qe3+ 28. Qxe3 dxe3 29. Re1 Rc2 30. Rxe3 Rxb2 31. f4 g6 32. Kh2 b5 33.
Kg3 a5 34. e5 a4 35. Kf3 Rb3 36. g4 Rxe3+ 37. Kxe3 b4 38. Kd3 b3 39. Kc3 Kf8
40. h4 Ke7 41. f5 h5 42. gxh5 gxf5 43. h6 Kf8 44. h5 Kg8 0-1

[Event "Klubbmesterskap 1999"]
[Site "Ås, Akershus NOR"]
[Date "1999.01.26"]
[Round "2"]
[White "Pettersen, Erling"]
[Black "Furnes, Torstein"]
[Result "1/2-1/2"]
[WhiteElo "1327"]
[BlackElo "1492"]
[PlyCount "81"]
[EventDate "1999.01.19"]

1. e4 c5 2. c4 Nc6 3. Nc3 d6 4. g3 Nf6 5. Bg2 g6 6. Nge2 Bg7 7. O-O O-O 8. d3
Bg4 9. f3 Bd7 10. Be3 e5 11. Qd2 a6 12. Rab1 Rb8 13. f4 Ng4 14. f5 Nxe3 15.
Qxe3 Nd4 16. Nd5 gxf5 17. exf5 Nxf5 18. Qf3 Nd4 19. Nxd4 exd4 20. Rbe1 Be6 21.
Qh5 h6 22. Nf4 Qd7 23. Nxe6 fxe6 24. Be4 Qe8 25. Rxf8+ Kxf8 26. Bg6 Qe7 27. Bh7
Qg5 28. Qf3+ Qf6 29. Qe4 Ke7 30. Qg4 Rf8 31. Qe4 Qf2+ 32. Kh1 Qf3+ 33. Qxf3
Rxf3 34. Re2 Rf8 35. Be4 b5 36. b3 b4 37. Kg2 a5 38. Bd5 e5 39. Re4 Rf6 40. Rg4
Kf8 41. Re4 1/2-1/2

[Event "Klubbmesterskapet 1999"]
[Site "Steinerskolen, Holstad"]
[Date "1999.??.??"]
[Round "2"]
[White "Lystad, Frank"]
[Black "Moberg, Jan Rune"]
[Result "0-1"]
[WhiteElo "1484"]
[BlackElo "1411"]
[PlyCount "128"]
[EventDate "26.??.??"]

1. e4 d6 2. d4 g6 3. Nf3 Bg7 4. Be2 Nf6 5. Nc3 O-O 6. O-O c6 7. Bg5 Qc7 8. Qd2
Nbd7 9. Bh6 e5 10. Bxg7 Kxg7 11. dxe5 dxe5 12. h3 Nc5 13. Qg5 Re8 14. Bd3 h6
15. Qe3 Ne6 16. Ne2 Nh5 17. Bc4 Nef4 18. Kh2 Be6 19. Bxe6 Nxe6 20. Ng3 Nhf4 21.
Qc3 Ng5 22. Nxg5 hxg5 23. Qf3 Qe7 24. Rad1 Rh8 25. Ne2 Nh5 26. Rd3 Nf6 27. g4
Qe6 28. Kg2 Rh4 29. Rfd1 Rhh8 30. Rd6 Qe7 31. Qe3 Nd5 32. Qa3 Nf6 33. R1d3 Rhe8
34. Ng3 a6 35. Rf3 Nd7 36. Rfd3 Nf8 37. Qc3 Kh7 38. Qd2 Ne6 39. Rd7 Nf4+ 40.
Kh2 Qf8 41. Rf3 Red8 42. Rxd8 Rxd8 43. Qc3 Rd4 44. Re3 Qd6 45. Ne2 Nxe2 46.
Rxe2 Qf6 47. Qe3 Qf4+ 48. Qxf4 gxf4 49. f3 g5 50. Kg2 Kg6 51. Kf2 Kf6 52. Ke1
Ke6 53. Rd2 c5 54. Rxd4 exd4 55. Kd2 b5 56. Kd3 Ke5 57. b3 a5 58. a4 c4+ 59.
Kd2 bxa4 60. bxc4 Kd6 61. c3 Kc5 62. cxd4+ Kxd4 63. c5 Kxc5 64. Kc3 a3 0-1

[Event "Klubbmesterskap 1999"]
[Site "Holstad, Ås, Akershus NOR"]
[Date "1999.01.27"]
[Round "2"]
[White "Solem, Trond"]
[Black "Lea, Per"]
[Result "0-1"]
[WhiteElo "2065"]
[BlackElo "1689"]
[PlyCount "112"]
[EventDate "1999.01.27"]

1. e4 e5 2. Nf3 Nc6 3. Bb5 a6 4. Ba4 Nf6 5. O-O Be7 6. Re1 b5 7. Bb3 O-O 8. c3
d5 9. d4 dxe4 10. Nxe5 Nxe5 11. dxe5 Qxd1 12. Bxd1 Ng4 13. Rxe4 Rd8 14. Nd2 Bg5
15. Bxg4 Bxg4 16. Rxg4 Bxd2 17. Rd4 Bxc1 18. Rxc1 c5 19. Rdd1 c4 20. f4 Kf8 21.
Kf2 Ke7 22. Ke3 Ke6 23. Rd4 Rxd4 24. cxd4 Kd5 25. b3 Rc8 26. bxc4+ bxc4 27. f5
Rb8 28. Rc2 a5 29. g4 Rb1 30. g5 Rd1 31. e6 fxe6 32. f6 gxf6 33. gxf6 Rd3+ 34.
Ke2 Ke4 35. Rxc4 Re3+ 36. Kd2 Rf3 37. Ra4 Rxf6 38. Rxa5 Kxd4 39. Ra4+ Ke5 40.
Ke3 Rh6 41. h4 Kf5 42. Rf4+ Ke5 43. a4 Kd5 44. a5 e5 45. Ra4 Ra6 46. Ra1 h5 47.
Ra2 Ke6 48. Ke4 Kf6 49. Kd5 Kf5 50. Kc5 e4 51. Kb5 Ra8 52. Kb6 e3 53. Kb7 Re8
54. Re2 Kf4 55. a6 Kf3 56. Re1 Kf2 0-1

[Event "Klubbmesterskap 1999"]
[Site "Ås, Akershus NOR"]
[Date "1999.02.08"]
[Round "3"]
[White "Furnes, Torstein"]
[Black "Lystad, Frank"]
[Result "1-0"]
[WhiteElo "1492"]
[BlackElo "1485"]
[PlyCount "121"]
[EventDate "1999.01.19"]

1. d4 d5 2. c4 e6 3. Nc3 Nf6 4. Bg5 Be7 5. e3 Nbd7 6. Nf3 O-O 7. Bd3 b6 8. O-O
Bb7 9. Re1 dxc4 10. Bxc4 Nd5 11. Bxe7 Qxe7 12. e4 Nxc3 13. bxc3 Nf6 14. Bd3 c6
15. e5 Nd5 16. Qd2 h6 17. c4 Nc7 18. Qf4 c5 19. dxc5 Qxc5 20. Nd4 Rad8 21. Nb3
Qe7 22. Re3 Qg5 23. Qxg5 hxg5 24. Be4 Bxe4 25. Rxe4 Na6 26. Kf1 Rd7 27. Rd4
Rfd8 28. Rad1 Nc5 29. Ke2 Rxd4 30. Rxd4 Rxd4 31. Nxd4 Nd7 32. Nc6 Kf8 33. Ke3
Ke8 34. Kd4 a5 35. f3 Nc5 36. Nxa5 Kd7 37. Nb3 Na6 38. c5 Kc6 39. cxb6 Kxb6 40.
Kc4 Nb8 41. g3 Nc6 42. f4 g4 43. a4 Nb8 44. a5+ Kc6 45. Nd4+ Kc7 46. Kb5 Kb7
47. Nb3 Ka7 48. Nc5 Ka8 49. Kb6 f6 50. a6 fxe5 51. fxe5 g5 52. Kc7 Ka7 53. Nxe6
Nxa6+ 54. Kd6 Kb7 55. Nxg5 Kc8 56. Nf7 Nc7 57. Nh6 Kd8 58. Nxg4 Ne8+ 59. Ke6
Ng7+ 60. Kf7 Nf5 61. e6 1-0

[Event "Klubbmesterskap 1999"]
[Site "Holstad, Ås, Akershus NOR"]
[Date "1999.02.02"]
[Round "4"]
[White "Andersen, Odd"]
[Black "Lea, Per"]
[Result "0-1"]
[WhiteElo "1718"]
[BlackElo "1689"]
[PlyCount "64"]
[EventDate "1999.01.27"]

1. d4 d5 2. c4 e5 3. dxe5 d4 4. g3 Nc6 5. Nf3 Bg4 6. Bg2 Qd7 7. O-O O-O-O 8. a3
Bxf3 9. Bxf3 Nxe5 10. Bg2 Nxc4 11. Nd2 Ne5 12. Qb3 c6 13. Ne4 f5 14. Ng5 Nf6
15. f4 Neg4 16. Nf7 d3 17. exd3 Bc5+ 18. Kh1 Qd4 19. h3 Nf2+ 20. Kh2 h5 21.
Nxd8 N6g4+ 22. hxg4 hxg4+ 23. Bh3 Rxh3+ 24. Kg2 Nh1 25. Qxb7+ Kxd8 26. Qb8+ Kd7
27. Qe5 Rxg3+ 28. Kh2 Rh3+ 29. Kg2 Qxd3 30. Be3 Qxe3 31. Rad1+ Kc8 32. Qe8+
Qxe8 0-1

[Event "Klubbmesterskap 1999"]
[Site "Ås, Akershus NOR"]
[Date "1999.02.16"]
[Round "4"]
[White "Warendorph, Hakon"]
[Black "Furnes, Torstein"]
[Result "0-1"]
[WhiteElo "1461"]
[BlackElo "1492"]
[PlyCount "44"]
[EventDate "1999.01.19"]

1. d4 d5 2. c4 e6 3. Nc3 Nf6 4. Nf3 Bb4 5. Bd2 O-O 6. a3 Be7 7. e3 b6 8. Qc2 c5
9. cxd5 exd5 10. b3 Bg4 11. Be2 Nbd7 12. h3 Be6 13. O-O Re8 14. Bb5 a6 15. Bd3
Nf8 16. Ne5 Bd6 17. Nf3 Qc8 18. Rfc1 Bxh3 19. gxh3 Qxh3 20. Ne5 Bxe5 21. dxe5
Rxe5 22. e4 Rh5 0-1

[Event "Klubbmesterskap 1999"]
[Site "Holstad, Ås, Akershus NOR"]
[Date "1999.02.23"]
[Round "5"]
[White "Lea, Per"]
[Black "Hagesæther, Nina"]
[Result "0-1"]
[WhiteElo "1689"]
[BlackElo "2037"]
[PlyCount "71"]
[EventDate "1999.01.27"]

1. e4 d6 2. d4 Nf6 3. Nc3 g6 4. f4 Bg7 5. Nf3 O-O 6. Be3 c6 7. e5 Ne8 8. Qd2
Nc7 9. O-O-O b5 10. h3 b4 11. Ne4 Nd5 12. g4 Qa5 13. Kb1 Be6 14. b3 f5 15. exf6
exf6 16. Bc4 f5 17. gxf5 gxf5 18. Bxd5 Bxd5 19. Neg5 h6 20. Rhg1 hxg5 21. Nxg5
Qc7 22. Qxb4 a5 23. Qd2 a4 24. b4 Nd7 25. a3 Nf6 26. Qd3 Ne4 27. c4 Nxg5 28.
cxd5 Ne4 29. Qc4 Qf7 30. Qd3 Qxd5 31. Rg6 Rf6 32. Rxf6 Bxf6 33. Rg1+ Kf7 34.
Qf1 Qb3+ 35. Ka1 Qxa3+ 36. Kb1 0-1

[Event "Klubbmesterskap 1999"]
[Site "Ås, Akershus NOR"]
[Date "1999.02.23"]
[Round "5"]
[White "Furnes, Torstein"]
[Black "Moberg, Reidar"]
[Result "0-1"]
[WhiteElo "1492"]
[BlackElo "1634"]
[PlyCount "110"]
[EventDate "1999.01.19"]

1. d4 Nf6 2. c4 e6 3. Nc3 Bb4 4. Qc2 d5 5. e3 O-O 6. Nf3 c5 7. Bd2 Nc6 8. dxc5
e5 9. cxd5 Nxd5 10. Nxd5 Qxd5 11. Bxb4 Nxb4 12. Qc3 Nxa2 13. Qxe5 Be6 14. Be2
Rfc8 15. O-O Qxe5 16. Nxe5 Rxc5 17. Nd3 Rc2 18. Bf3 Rd8 19. Bxb7 Rxd3 20. Be4
Rdd2 21. Bxc2 Rxc2 22. Rfd1 Kf8 23. Rd8+ Ke7 24. Ra8 Rxb2 25. Rxa7+ Kf6 26. h3
Nc3 27. g4 Rb1+ 28. Rxb1 Nxb1 29. Kg2 Nd2 30. f4 Bd5+ 31. Kf2 Ne4+ 32. Ke2 h6
33. Ra6+ Ke7 34. Ra7+ Ke6 35. Ra6+ Nd6 36. Ra5 g5 37. f5+ Ke5 38. Kf2 f6 39.
Ra7 Ke4 40. Re7+ Kd3 41. Rh7 Nf7 42. Rg7 Ke4 43. Rg6 Ke5 44. Kg3 h5 45. Kf2 h4
46. Rg8 Nd6 47. Rd8 Ne4+ 48. Ke1 Ng3 49. Re8+ Kd6 50. Rd8+ Kc6 51. Rf8 Ne4 52.
Rc8+ Kd7 53. Rf8 Ke7 54. Rb8 Nd6 55. Ke2 Bg2 {Pga tidsnød ble ikke resten av
trekkene notert.} 0-1

[Event "Klubbmesterskap 1999"]
[Site "Holstad, Ås, Akershus NOR"]
[Date "1999.03.02"]
[Round "6"]
[White "Øgaard, Henning"]
[Black "Lea, Per"]
[Result "0-1"]
[WhiteElo "1718"]
[BlackElo "1689"]
[PlyCount "72"]
[EventDate "1999.01.27"]

1. d4 d5 2. Nf3 Nf6 3. c3 e6 4. Bg5 Be7 5. Nbd2 Nbd7 6. e3 c5 7. Bd3 Nh5 8.
Bxe7 Qxe7 9. Ne5 Nhf6 10. f4 c4 11. Bc2 b5 12. a4 bxa4 13. Bxa4 O-O 14. Bc6 Rb8
15. Rxa7 Rxb2 16. Qa4 Rd8 17. g4 Nxg4 18. Nxg4 Qh4+ 19. Nf2 Rxd2 20. Kxd2 Qxf2+
21. Kc1 Qxe3+ 22. Kb2 Qd2+ 23. Qc2 Qxf4 24. Bxd7 Qb8+ 25. Bb5 Qxa7 26. Rb1 Bd7
27. Kc1 Bxb5 28. Rxb5 Rb8 29. Qa2 Qc7 30. Qa5 Qf4+ 31. Kd1 Qf3+ 32. Kd2 Qf2+
33. Kd1 Qg1+ 34. Ke2 Qxh2+ 35. Kf3 g5 36. Rxb8+ Qxb8 0-1

[Event "Klubbmesterskap 1999"]
[Site "Ås, Akershus NOR"]
[Date "1999.03.02"]
[Round "6"]
[White "Bekkelien, Glenn Lewi"]
[Black "Furnes, Torstein"]
[Result "1-0"]
[WhiteElo "1607"]
[BlackElo "1492"]
[PlyCount "63"]
[EventDate "1999.01.19"]

1. Nf3 d5 2. g3 Nf6 3. Bg2 Bf5 4. c4 e6 5. Qb3 b6 6. cxd5 exd5 7. Nc3 c6 8. d4
Bd6 9. O-O O-O 10. Ne5 Bxe5 11. dxe5 Ne4 12. f4 Nc5 13. Qd1 Qd7 14. b4 Nb7 15.
b5 cxb5 16. Qxd5 Qxd5 17. Bxd5 Bc8 18. Nxb5 Na6 19. Nd6 Rb8 20. Ba3 Nac5 21.
Rfc1 Nxd6 22. exd6 Rd8 23. Rab1 Nd7 24. Rc7 a5 25. e4 Rf8 26. e5 Kh8 27. Rbc1
h6 28. Ra7 g6 29. Bb2 Kg8 30. e6 Nc5 31. e7 Re8 32. Bc6 1-0

[Event "Klubbmesterskap 1999"]
[Site "Holstad, Ås, Akershus NOR"]
[Date "1999.03.09"]
[Round "7"]
[White "Lea, Per"]
[Black "Ådnøy, Hallvard Voll"]
[Result "0-1"]
[WhiteElo "1689"]
[BlackElo "2106"]
[PlyCount "30"]
[EventDate "1999.01.27"]

1. e4 e5 2. Nf3 d6 3. d4 Nd7 4. Bc4 c6 5. O-O Be7 6. a4 a5 7. Be3 Qc7 8. Nc3
Ngf6 9. Bxf7+ Kxf7 10. Ng5+ Kg8 11. Ne6 Qb8 12. d5 Nf8 13. Nxf8 Bxf8 14. f4 Ng4
15. Bd2 Qa7+ 0-1

[Event "Klubbmesterskap 1999"]
[Site "Ås, Akershus NOR"]
[Date "1999.03.09"]
[Round "7"]
[White "Furnes, Torstein"]
[Black "Weberg, Øivind"]
[Result "1-0"]
[WhiteElo "1492"]
[BlackElo "1633"]
[PlyCount "73"]
[EventDate "1999.01.19"]

1. d4 c5 2. d5 e6 3. dxe6 fxe6 4. e4 Nc6 5. Nf3 Nf6 6. e5 Nd5 7. c4 Nb6 8. Nc3
d5 9. exd6 Qxd6 10. Qxd6 Bxd6 11. Nb5 Bb8 12. Be3 a6 13. Bxc5 Nd7 14. Nd6+ Bxd6
15. Bxd6 Nf6 16. Bd3 Bd7 17. Ng5 Ne7 18. O-O Rc8 19. Rfe1 Rc6 20. c5 Nc8 21.
Nxe6 Bxe6 22. Rxe6+ Kd8 23. Rae1 Re8 24. Rxe8+ Nxe8 25. Be4 Rxd6 26. cxd6 Ncxd6
27. Bxh7 Kc7 28. Bg6 Nf6 29. Re7+ Kc6 30. Rxg7 b5 31. h4 Nc4 32. b3 Ne5 33. h5
Kc5 34. Ra7 Kb6 35. Re7 Ned7 36. Re6+ Ka5 37. Be8 1-0

[Event "Klubbmesterskap 1999"]
[Site "Holstad, Ås, Akershus NOR"]
[Date "1999.02.16"]
[Round "8"]
[White "Lea, Per"]
[Black "Skår, Bjarte"]
[Result "0-1"]
[WhiteElo "1689"]
[BlackElo "1678"]
[PlyCount "64"]
[EventDate "1999.01.27"]

1. e4 c5 2. Nf3 d6 3. d4 cxd4 4. Nxd4 Nf6 5. Nc3 a6 6. Bg5 e6 7. f4 Be7 8. Qf3
Qc7 9. O-O-O b5 10. e5 Bb7 11. exd6 Bxd6 12. Qe3 Be7 13. f5 e5 14. Nf3 Nbd7 15.
Bd3 b4 16. Ne4 Nd5 17. Qd2 f6 18. Bh4 Nf4 19. Bg3 Nxd3+ 20. Qxd3 Rc8 21. Nd4
Bxe4 22. Qxe4 Nc5 23. Qe2 O-O 24. Kb1 Qb7 25. Ne6 Nxe6 26. fxe6 Qc6 27. Rd7
Qxe6 28. Rhd1 Bc5 29. Qh5 Bd4 30. Rb7 Qc6 31. Rxb4 Qxc2+ 32. Ka1 Qc1+ 0-1